| 000 | 01566nam a2200229Ia 4500 | ||
|---|---|---|---|
| 003 | Ost | ||
| 005 | 20260507075746.0 | ||
| 008 | 260507s9999||||xx |||||||||||||| ||und|| | ||
| 040 | _cfsecg | ||
| 041 | _aara | ||
| 082 | _a330 | ||
| 100 |
_aالطائي، منى محمد علي _eمؤلف |
||
| 245 | 0 |
_aالإقتصاد الإداري : _bإقتصاديات الإدارة الإستراتيجية / _c منى محمد علي الطائي |
|
| 260 |
_aعمان: _bدار زهران للنشر والتوزيع, _c2005 |
||
| 300 |
_a311 صفحة؛ _bإيضاحات ؛ _c24 سم |
||
| 520 | _aأساسيات في الإقتصاد الإداري- صنع وإتخاذ القرار في الظروف البيئية المختلفة- الربح وأهميته لمنشأة الأعمال- الربح والإنتماء السوقي لمنشأة الاعمال- الربح واحتكارات القلة -طروحات تبرير الأرباح- تقنيات في إدارة الأرباح- إدارة الطلب وإيرادات المنشأة- أهمية المرونات في اتخاذ القرار- تحليل النتائج وتحليل وإدارة التكاليف- استراتيجيات وأهداف المنشأة- إستراتيجيات وآلياتالتنافس السوقي- خيارات استراتيجية وآليات لتعزيز القدرات التنافسية. | ||
| 653 | _aالإدارة | ||
| 653 | _aالإدارة الإستراتيجية | ||
| 653 | _aالإقتصاد | ||
| 653 | _aالإقتصاد الإداري | ||
| 942 | _cكتاب | ||
| 999 |
_c46190 _d46190 |
||